Harry Potter Quiz A-Z - Statistics

General Stats
  • This quiz has been taken 456 times
    439 since last reset
  • The average score is 25 of 26
Answer Stats
Hint Answer % Correct
L Draco Malfoy's father Lucius Malfoy
98%
R Harry's best friend (male) Ron Weasley
98%
U Dolores _________ Umbridge
98%
V You-Know-Who Voldemort
98%
W Molly, Arthur, Ron, Ginny, Bill, Charlie, Percy, Fred, George Weasley's
98%
C Class taught by Filius Flitwick Charms
97%
J Author of the Harry Potter Series J.K Rowling
97%
N Harry's first broomstick Nimbus 2000
97%
Q Sport played at Hogwarts Quidditch
97%
S Draco's school house Slytherin
97%
A Spell that unlocks Alohomora
96%
G Wizard bank Gringotts
96%
H Half giant/human that works at Hogwarts Hagrid
96%
O Diagon Alley's wand shop Ollivanders
96%
F Three-headed dog at Hogwarts Fluffy
95%
Y What ball does the school hold Yule ball
95%
E Disarming charm Expelliarmus
94%
M Tom Riddle's middle name Marvolo
94%
D Class taught by Sybill Trelawney Divination
93%
K Station where platform 9 3/4 is Kings Cross Station
93%
B Turns into your worst fear Boggart
91%
T Professor McGonagall's Class Transfiguration
91%
I Forbidden curse Imperius
90%
P Otter, rabbit etc. Patronus
90%
X Luna Lovegood's father Xenophilius Lovegood
88%
Z Wizard joke shop Zonko's
85%
No matching quizzes found
Score Distribution
Percent of People with Each Score
Percentile by Number Answered
Your Score History
You have not taken this quiz since the last reset